St।George Or The Dragon (Record no. 1242006)

MARC details
000 -LEADER
fixed length control field 00494nam a2200193Ia 4500
008 - FIXED-LENGTH DATA ELEMENTS--GENERAL INFORMATION
fixed length control field 151121s9999||||xx |||||||||||||| ||und||
082 ## - DEWEY DECIMAL CLASSIFICATION NUMBER
Classification number 321।942/ELT
082 ## - DEWEY DECIMAL CLASSIFICATION NUMBER
Item number HNW-60457
100 ## - MAIN ENTRY--PERSONAL NAME
Personal name Elton L।।
245 ## - TITLE STATEMENT
Title St।George Or The Dragon
260 ## - PUBLICATION, DISTRIBUTION, ETC. (IMPRINT)
Name of publisher, distributor, etc "Collins Pall Mall, London।"
260 ## - PUBLICATION, DISTRIBUTION, ETC. (IMPRINT)
Date of publication, distribution, etc --
300 ## - PHYSICAL DESCRIPTION
Extent 194
600 ## - SUBJECT ADDED ENTRY--PERSONAL NAME
Personal name Elton L।।
630 ## - SUBJECT ADDED ENTRY--UNIFORM TITLE
Uniform title St।George Or The Dragon
700 ## - ADDED ENTRY--PERSONAL NAME
Personal name Elton L।।
730 ## - ADDED ENTRY--UNIFORM TITLE
Uniform title St।George Or The Dragon
942 ## - ADDED ENTRY ELEMENTS (KOHA)
Koha item type Book
Holdings
Withdrawn status Lost status Damaged status Not for loan Home library Current library Date acquired Cost, normal purchase price Total Checkouts Full call number Barcode Date last seen Cost, replacement price Price effective from Koha item type
        Hirachand Nemchand Wachanalaya, Solapur Hirachand Nemchand Wachanalaya, Solapur 11/21/2015 1.00   HNW-60457 HNW-60457 11/21/2015 1.00 11/21/2015 Book